000 01608cam a2200361 a 4500
001 3090666
003 OSt
005 20140310184347.0
008 981016s2000 caua j 000 1 eng
010 _a 98048937
020 _a0439317916
040 _aDLC
_cDLC
_dDLC
042 _alcac
050 0 0 _aPZ 7
_b.F8654Mi 2001
100 1 _aFrasier, Debra.
_924862
245 1 0 _aMiss Alaineus :
_ba vocabulary disaster /
_cwritten and illustrated by Debra Frasier.
250 _a1st ed.
260 _aSan Diego :
_bHarcourt Brace,
_c2000.
300 _a1 v. (unpaged) :
_bcol. ill. ;
_c29 cm.
520 _aWhen Sage's spelling and definition of a word reveal her misunderstanding of it to her classmates, she is at first embarrassed but then uses her mistake as inspiration for the vocabulary parade.
521 _aG4
526 _c690
650 1 _aEnglish language
_xSpelling
_vFiction.
_924863
650 1 _aVocabulary
_vFiction.
_924864
650 1 _aSchools
_vFiction.
_924865
856 4 2 _3Contributor biographical information
_uhttp://www.loc.gov/catdir/bios/har051/98048937.html
856 4 2 _3Publisher description
_uhttp://www.loc.gov/catdir/description/har021/98048937.html
906 _a7
_bcbc
_corignew
_d1
_eocip
_f19
_gy-gencatlg
942 _2lcc
_cBK-SCHOLAS
999 _c33883
_d33883